Psychobiological approaches for anxiety disorders (Record no. 52783)
[ view plain ]
| 000 -LEADER | |
|---|---|
| fixed length control field | 02168nam a2200349 a 4500 |
| 082 04 - DEWEY DECIMAL CLASSIFICATION NUMBER | |
| Classification number | 616.85/22 |
| 245 00 - TITLE STATEMENT | |
| Title | Psychobiological approaches for anxiety disorders |
| 260 ## - PUBLICATION, DISTRIBUTION, ETC. (IMPRINT) | |
| Place of publication | Chichester, West Sussex : |
| Name of publisher | John Wiley & Sons, |
| Year of publication | 2012. |
| 300 ## - PHYSICAL DESCRIPTION | |
| Number of Pages | x, 201 p. : |
| Other physical details | ill. |
| 490 0# - SERIES STATEMENT | |
| Series statement | Wiley series in clinical psychology |
| 505 0# - FORMATTED CONTENTS NOTE | |
| Formatted contents note | The biology and efficacy of combination strategies for anxiety disorders / Keith A. Ganasen and Dan J. Stein -- Benzodiazepines / Bridget A. Hearon and Michael W. Otto -- Tricyclic antidepressants and monoamine oxidase inhibitors / Franklin R. Schneier -- Selective serotonin reuptake inhibitors, reversible inhibitors of monoamine oxidase-a, and buspirone / Borwin Bandelow, Markus Reitt, Dirk Wedekind -- D-cycloserine / Adam J. Guastella and Gail A. Alvares -- Yohimbine hydrochloride / Samantha Farris ... [et al.] -- Cortisol / Leila Maria Sorevia, and Dominique J.-F. de Quervain -- Oxytocin / Markus Heinrichs, Fraces S. Chen, and Gregor Domes -- Dietary supplements / Lindsey B. DeBoer ... [et al.] -- A roadmap for the research and practice of combination strategies / Stefan G. Hofmann. |
| 650 #0 - SUBJECT ADDED ENTRY--TOPICAL TERM | |
| Topical Term | Anxiety disorders |
| Topical Term | Combined modality therapy. |
| 700 1# - ADDED ENTRY--PERSONAL NAME | |
| Personal name | Hofmann, Stefan G. |
| 856 40 - ELECTRONIC LOCATION AND ACCESS | |
| Uniform Resource Identifier | http://site.ebrary.com/lib/rucke/Doc?id=10630526 |
No items available.
